000 00784cac a2200241 a 4500
003 Co-PeBPM
005 20241112141726.0
008 231129e1997||||xx a||||||||||||| ||spa||
020 _a9701503295
040 0 _bCo-PeBPM
_aspa
_cCo-PeBPM
_erda
041 _aspa
082 0 4 _a004.6 B627r
100 1 _aBlack, Uyless
_eautor
245 1 0 _aRedes de computadores
_b: Protocolos normas e interfaces
_c/ Uyless Black
250 _aSegunda edición
260 _cBogotá, Colombia
_a: Alfaomega
_b, 1997
300 _axiv, 585 páginas
_b: ilustraciones
_c; 23 centímetros
500 _aIncluye índice alfabético.
500 _aCoedición: Ra-ma
650 1 4 _2LEMB
_aRedes de computación
650 1 4 _2LEMB
_aRedes digitales
942 _2ddc
_cBK
999 _c23810
_d23810